| 000 | 00589nam a2200181Ia 4500 | ||
|---|---|---|---|
| 008 | 220531s9999 xx 000 0 und d | ||
| 041 | _amar | ||
| 100 |
_aसवदी ए.बी कोळेकर पी .एस. _963194 |
||
| 245 | _aहवामानशास्त्र व सागरशास्त्रची मूलतत्वे | ||
| 250 | _a1ST | ||
| 260 |
_aPune _bNirali _c2014 |
||
| 300 | _a10.22 | ||
| 542 | _d19-08-2014 | ||
| 551 |
_aGeography _bGrantable-GEO |
||
| 650 |
_aGeography _963195 |
||
| 906 |
_d2014-2015 _f922 |
||
| 999 |
_c35911 _d35911 |
||